capital to country part 1 - Statistics

General Stats
  • This quiz has been taken 16 times
  • The average score is 77 of 87
Answer Stats
capital country % Correct
Kabul Afghanistan
100%
Canberra Australia
100%
Vienna Austria
100%
Brasilia Brazil
100%
Sofia Bulgaria
100%
Ottawa Canada
100%
Beijing China
100%
Havana Cuba
100%
Copenhagen Denmark
100%
Cairo Egypt
100%
Helsinki Finland
100%
Paris France
100%
Berlin Germany
100%
Athens Greece
100%
Reykjavik Iceland
100%
New Dehli India
100%
Baghdad Iraq
100%
Dublin Ireland
100%
Jerusalem Israel
100%
Rome Italy
100%
Kingston Jamaica
100%
Tokyo Japan
100%
Nairobi Kenya
100%
Oslo Norway
100%
Lisbon Portugal
100%
Moscow Russia
100%
Madrid Spain
100%
Stockholm Sweden
100%
Bern Switzerland
100%
Damascus Syria
100%
London UK
100%
Hanoi Vietnam
100%
Tirana Albania
93%
Brussels Belgium
93%
Tallinn Estonia
93%
Budapest Hungary
93%
Amman Jordan
93%
Tripoli Libya
93%
antananarivo Madagascar
93%
Kuala Lumpur Malaysia
93%
Ulaan baatar Mongolia
93%
Wellington New Zealand
93%
Pyongyang North Korea
93%
Warsaw Poland
93%
Bucharest Romania
93%
Bratislava Slovakia
93%
Khartoum Sudan
93%
Bangkok Thailand
93%
Ankara Turkey
93%
Kiev Ukraine
93%
Washington D.C. USA
93%
yerevan Armenia
87%
Minsk Belarus
87%
Kinshasa Congo
87%
Prague Czech Republic
87%
San salvador El salvador
87%
Addis Ababa Ethiopia
87%
Astana Kazakhstan
87%
Beirut Lebanon
87%
Vilnius Lithuania
87%
Skopje Macedonia
87%
Valletta Malta
87%
Windhoek Namibia
87%
Riyadh Saudi Arabia
87%
Belgrade Serbia
87%
Singapore city Singapore
87%
Seoul South Korea
87%
Baku Azerbaijan
80%
asmara Eritrea
80%
Libreville Gabon
80%
Riga Latvia
80%
Monrovia Liberia
80%
Chisinau moldova
80%
Juba South Sudan
80%
Colombo Sri Lanka
80%
Paramaribo Suriname
80%
Bishkek Kyrgyzstan
73%
Bamako Mali
73%
Maputo Mozambique
73%
Lusaka Zambia
73%
bangui Central African Republic
67%
Roseau Dominica
67%
Banjul Gambia
67%
Maseru Lesotho
67%
Victoria seychelles
67%
Melekeok Palau
40%
Vaduz Liechenstein
0%
No matching quizzes found
Score Distribution
Percent of People with Each Score
Percentile by Number Answered
Your Score History
You have not taken this quiz